| 000 | 00976cab a2200289 4500 | ||
|---|---|---|---|
| 001 | ABS51575 | ||
| 008 | 090401t1994 xxu||||| |||| 00| 0 eng d | ||
| 035 | _a(Sirsi) u33856 | ||
| 041 | _aeng | ||
| 100 | _aCheffings, N. | ||
| 245 | _aLeases - make or break? | ||
| 260 | _c1994 | ||
| 350 | _a0 | ||
| 490 |
_aEstates Gazette _v(9441) 15 October 1994, 143-144(2) |
||
| 520 | _aDraws on recent caselaw to reinforce the point that lease provisions must be fully complied with if a tenant is to succeed in exercising a break clause without penalty. | ||
| 650 | _aBAIRSTOW EVES (SECURITIES) LTD V RIPLEY | ||
| 650 | _aBREAK CLAUSES | ||
| 650 | _aLANDLORD AND TENANT ACT 1927 S18(1) | ||
| 650 | _aLAW OF PROPERTY ACT 1925 S146 | ||
| 650 | _aLEASES | ||
| 650 | _aMEADFIELD V SOS ENVIRONMENT | ||
| 650 | _aTRANE (UK) LTD V PROVIDENT MUTUAL LIFE ASSURANCE | ||
| 690 | _aPROPERTY-LANDLORD AND TENANT | ||
| 700 | _aRickard, J. | ||
| 942 | _n0 | ||
| 948 | _c04/03/1997 | ||
| 999 |
_c22524 _d22524 |
||